[Event "GER-chT U16"]
[Site "Kiel"]
[Date "2022.07.26"]
[Round "7.9"]
[White "Haubold, Henry"]
[Black "Stark, Amalia"]
[Result "0-1"]
[WhiteElo "963"]
[BlackElo "1365"]
[PlyCount "48"]
[EventDate "2022.07.22"]
[EventType "team-swiss"]
[EventRounds "7"]
[EventCountry "GER"]
[SourceTitle "CBM 209 Extra"]
[Source "ChessBase"]
[SourceDate "2022.09.30"]
[SourceVersion "1"]
[SourceVersionDate "2022.09.30"]
[SourceQuality "1"]
[WhiteTeam "Niederwiesa"]
[BlackTeam "Ansbach"]
[WhiteTeamCountry "GER"]
[BlackTeamCountry "GER"]

1. c4 Nf6 2. Nc3 g6 3. Nf3 Bg7 4. d3 d6 5. g3 Nc6 6. Bg2 Bg4 7. Qc2 e5 8. 0-0 Qd7 9. Rd1 h5 10. Bg5 Nh7 11. Ne4 f5 12. Ned2 Nxg5 13. Nxg5 Bf6 14. Ngf3 h4 15. e3 hxg3 16. fxg3 0-0-0 17. Rf1 f4 18. exf4 exf4 19. Ne4 Bd4+ 20. Nxd4 Nxd4 21. Qf2 Ne2+ 22. Kh1 Qh7 23. Bf3 Bxf3+ 24. Qxf3 Qxh2# 0-1